[Event "Open 13 2011/2012"]
[Site "Vitrolles"]
[Date "2011.10.08"]
[Round "1"]
[White "Joubert, Leo"]
[Black "Girard, Jean-Pierre"]
[Result "0-1"]
[WhiteElo "1744"]
[BlackElo "1873"]
[PlyCount "72"]

1. d4 Nf6 2. c4 e6 3. Nc3 Bb4 4. a3 Bxc3+ 5. bxc3 c5 6. e3 O-O 7. Bd3 d6 8. Nf3
Nc6 9. O-O e5 10. Qc2 b6 11. Rd1 Qc7 12. d5 Ne7 13. e4 h6 14. Nh4 Re8 15. f3
Kh7 16. g4 g6 17. Qg2 Kg7 18. g5 hxg5 19. Qxg5 Rh8 20. Nf5+ Nxf5 21. exf5 Rh5
22. Qg3 Bxf5 23. Bxf5 Rxf5 24. Bg5 Rh8 25. Bxf6+ Kxf6 26. Kh1 Qd8 27. Re1 Kg7
28. Re4 Qf6 29. Rf1 Rhh5 30. Qf2 Rf4 31. Qe3 Rhh4 32. Rf2 Qf5 33. Rxf4 Qxf4 34.
Qxf4 Rxf4 35. Kg2 Rxc4 36. f4 exf4 0-1

[Event "Open 13 2011/2012"]
[Site "Vitrolles"]
[Date "2011.10.08"]
[Round "1"]
[White "Cescon, Moreno"]
[Black "Faure, Alexandre"]
[Result "1-0"]
[WhiteElo "1850"]
[BlackElo "1743"]
[PlyCount "89"]

1. e4 e6 2. d4 d5 3. exd5 exd5 4. Nf3 Bd6 5. Ne5 Nf6 6. Bd3 a6 7. Bg5 c5 8. c3
Nc6 9. Nxc6 bxc6 10. O-O O-O 11. Re1 c4 12. Bc2 Bc7 13. Nd2 Qd6 14. g3 h6 15.
Bf4 Qd8 16. Bxc7 Qxc7 17. Nf3 Bg4 18. Kg2 Qd7 19. Qd2 Bxf3+ 20. Kxf3 Qh3 21.
Qf4 Rae8 22. Qh4 Qd7 23. Kg2 Re7 24. b3 Rfe8 25. Rxe7 Qxe7 26. bxc4 dxc4 27.
Ba4 Qb7 28. Qf4 Qb2 29. Qc1 Qb7 30. Rb1 Qd7 31. Qf4 Qd5+ 32. Kg1 Ne4 33. Rb8
Rxb8 34. Qxb8+ Kh7 35. Bc2 f5 36. Bxe4 Qxe4 37. Qe5 Qb1+ 38. Kg2 Qe4+ 39. Qxe4
fxe4 40. f4 Kg6 41. g4 Kf6 42. Kf2 g6 43. Ke3 h5 44. h3 h4 45. Kxe4 1-0

[Event "Open 13 2011/2012"]
[Site "Vitrolles"]
[Date "2011.10.08"]
[Round "1"]
[White "Israel, Daniel"]
[Black "Saada, Claude"]
[Result "1/2-1/2"]
[WhiteElo "1840"]
[BlackElo "1807"]
[PlyCount "42"]

1. d4 d5 2. c4 e6 3. Nf3 Nf6 4. Nc3 Bb4 5. Bg5 O-O 6. e3 c5 7. a3 Bxc3+ 8. bxc3
Nbd7 9. Rc1 Qa5 10. Qb3 b6 11. Bd3 Ba6 12. Bxf6 Nxf6 13. Ne5 dxc4 14. Bxc4 b5
15. Be2 Rac8 16. O-O c4 17. Qb4 Qc7 18. Qb1 Qa5 19. Qb4 Qc7 20. Qb1 Qa5 21. Qb4
Qc7 1/2-1/2

[Event "Open 13 2011/2012"]
[Site "Vitrolles"]
[Date "2011.10.08"]
[Round "1"]
[White "Panagiotopoulos, Christos"]
[Black "Vialette, Eric"]
[Result "1-0"]
[WhiteElo "1820"]
[BlackElo "1710"]
[PlyCount "51"]

1. e4 d6 2. d4 Nf6 3. Bd3 c5 4. c3 g6 5. Ne2 Bg7 6. O-O O-O 7. f4 Bg4 8. h3
Bxe2 9. Qxe2 a6 10. Be3 c4 11. Bc2 b5 12. Nd2 e6 13. Qf3 Nbd7 14. e5 Ne8 15.
Qg4 Kh8 16. Ne4 d5 17. Ng5 Bh6 18. f5 exf5 19. Rxf5 Qe7 20. Rxf7 Rxf7 21. Nxf7+
Qxf7 22. Bxh6 Ng7 23. Rf1 Qe7 24. Bxg7+ Qxg7 25. Qe6 Nb6 26. Qxb6 1-0

[Event "Open 13 2011/2012"]
[Site "Vitrolles"]
[Date "2011.10.08"]
[Round "1"]
[White "Beraud, Robert"]
[Black "Parroco, Pierre-Jean"]
[Result "1-0"]
[WhiteElo "1810"]
[BlackElo "1699"]
[PlyCount "55"]
[EventDate "2011.??.??"]

1. e4 e5 2. Nf3 Nc6 3. Bb5 a6 4. Ba4 Nf6 5. O-O Be7 6. Re1 b5 7. Bb3 d6 8. c3
O-O 9. h3 Na5 10. Bc2 c5 11. d4 Qc7 12. Nbd2 cxd4 13. cxd4 Rd8 14. Nf1 exd4 15.
Ng3 Nc6 16. Bf4 Nd7 17. Rc1 Qb6 18. Nf5 Nde5 19. Nxe7+ Nxe7 20. Nxd4 Bd7 21.
Bg5 Re8 22. Bb3 Bxh3 23. Nxb5 Bg4 24. Qxd6 Qxb5 25. Bxe7 Ng6 26. Rc7 Nxe7 27.
Rxe7 Rad8 28. Bxf7+ 1-0

[Event "Open 13 2011/2012"]
[Site "Vitrolles"]
[Date "2011.10.08"]
[Round "1"]
[White "Madranges, Jean"]
[Black "Derien, Robert"]
[Result "1/2-1/2"]
[WhiteElo "1801"]
[BlackElo "1747"]
[PlyCount "28"]

1. d4 Nf6 2. Nf3 d5 3. Bf4 Nc6 4. e3 Bf5 5. Bb5 a6 6. Bxc6+ bxc6 7. c3 e6 8.
Qa4 Bd6 9. Qxc6+ Ke7 10. O-O Bd3 11. Bxd6+ cxd6 12. Qb7+ Nd7 13. Re1 Rb8 14.
Qa7 Ra8 1/2-1/2

[Event "Open 13 2011/2012"]
[Site "Vitrolles"]
[Date "2011.10.08"]
[Round "1"]
[White "Jullien, Patrick"]
[Black "Jean, Nicolas"]
[Result "1/2-1/2"]
[WhiteElo "1692"]
[BlackElo "1798"]
[PlyCount "146"]

1. e4 e5 2. Nf3 Nc6 3. Bb5 a6 4. Ba4 Nf6 5. O-O Be7 6. Re1 b5 7. Bb3 d6 8. c3
O-O 9. h3 Bb7 10. d4 Re8 11. Nbd2 Bf8 12. d5 Ne7 13. Nf1 Nd7 14. Bc2 h6 15. Ng3
Ng6 16. Be3 Nc5 17. Qd2 c6 18. Rad1 cxd5 19. exd5 Nd7 20. Bxg6 fxg6 21. Qd3 g5
22. Ne4 Nf6 23. Nxf6+ Qxf6 24. Nd2 Rac8 25. Ne4 Qf7 26. b3 Rc7 27. Bb6 Rd7 28.
c4 bxc4 29. bxc4 Rc8 30. Ba5 Be7 31. Rc1 Ba8 32. Bb4 Qg6 33. Qa3 Rdd8 34. f3
Bb7 35. Red1 h5 36. g4 hxg4 37. hxg4 Kf7 38. Kg2 Ra8 39. Rh1 a5 40. Bd2 Rh8 41.
Rxh8 Rxh8 42. Rh1 Rxh1 43. Kxh1 Bc8 44. Qe3 Ba6 45. Qc3 Bc8 46. Qe3 Ba6 47. Qc3
Qh7+ 48. Kg2 Qh8 49. Bxg5 Bxg5 50. Nxg5+ Kg6 51. Ne4 Qb8 52. c5 Qb5 53. Qc2
Qf1+ 54. Kg3 Qg1+ 55. Qg2 Qd1 56. Qd2 Qxd2 57. Nxd2 dxc5 58. Ne4 Bc4 59. d6 Bb5
60. Nxc5 Kf6 61. d7 Ke7 62. Kf2 Bxd7 63. Nxd7 Kxd7 64. Ke3 Kd6 65. Ke4 Ke6 66.
f4 exf4 67. Kxf4 Kd5 68. Kg5 Kc4 69. Kg6 Kb4 70. Kxg7 Ka3 71. Kf7 Kxa2 72. g5
a4 73. g6 Ka1 1/2-1/2

[Event "Open 13 2011/2012"]
[Site "Vitrolles"]
[Date "2011.10.08"]
[Round "1"]
[White "Mosse, Laurent"]
[Black "Navarro, Bertrand"]
[Result "0-1"]
[WhiteElo "1785"]
[BlackElo "1687"]
[PlyCount "98"]

1. e4 c5 2. Nf3 a6 3. d4 cxd4 4. Nxd4 Nf6 5. Nc3 e5 6. Nf3 Bb4 7. Bg5 Qc7 8.
Qd3 Bxc3+ 9. bxc3 Nxe4 10. Qc4 Qxc4 11. Bxc4 f6 12. Bd2 Nxd2 13. Kxd2 Nc6 14.
Rhe1 Ne7 15. Bb3 d6 16. Rab1 Bg4 17. Re3 Bxf3 18. Rxf3 d5 19. Rd3 O-O-O 20. Rd1
Rd6 21. Ke2 Rhd8 22. f3 Kc7 23. a4 Kc6 24. g4 Ng6 25. R3d2 Kc5 26. Kf2 Nf4 27.
h4 d4 28. cxd4+ Rxd4 29. Rxd4 Rxd4 30. Rxd4 Kxd4 31. h5 h6 32. Ba2 a5 33. Bb3
b6 34. Ba2 f5 35. Bb3 fxg4 36. fxg4 Nh3+ 37. Ke2 Ng5 38. Kd2 Nf3+ 39. Kd1 Ke3
40. Bd5 Ng5 41. Bc4 e4 42. Ke1 Kf4 43. Be2 Nf3+ 44. Kf2 e3+ 45. Kf1 Nh2+ 46.
Kg2 Nxg4 47. Bf3 Nf2 48. Be2 Ne4 49. Bd3 Nc3 0-1

[Event "Open 13 2011/2012"]
[Site "Vitrolles"]
[Date "2011.10.08"]
[Round "1"]
[White "Tchifteyan, Philippe"]
[Black "Dudognon, Thibault"]
[Result "0-1"]
[WhiteElo "1661"]
[BlackElo "1778"]
[PlyCount "78"]

1. e4 c5 2. Bc4 Nc6 3. Nc3 g6 4. d3 Bg7 5. Be3 d6 6. Nf3 e6 7. Qd2 Nge7 8. a3
d5 9. exd5 exd5 10. Ba2 d4 11. Nd1 dxe3 12. fxe3 O-O 13. O-O Nf5 14. Qf2 Qe7
15. h4 Ne5 16. Ng5 h6 17. Nf3 Nxf3+ 18. gxf3 Nxh4 19. f4 Bg4 20. Qg3 Bxd1 21.
Raxd1 Nf5 22. Qxg6 Qxe3+ 23. Kh2 Nd4 24. Bd5 Rad8 25. Qg2 Qe2 26. c3 Rxd5 27.
cxd4 Qxg2+ 28. Kxg2 Rxd4 29. Kf3 Rfd8 30. Ke3 c4 31. Rd2 Rxd3+ 32. Rxd3 Rxd3+
33. Ke2 Rb3 34. Rc1 Rxb2+ 35. Kd1 c3 36. Ra1 Rh2 37. Rc1 Rh1+ 38. Kc2 Rxc1+ 39.
Kxc1 h5 0-1

[Event "Open 13 2011/2012"]
[Site "Vitrolles"]
[Date "2011.10.08"]
[Round "1"]
[White "Figier, Anthony"]
[Black "Montanelli, Tristan"]
[Result "0-1"]
[WhiteElo "1771"]
[BlackElo "1652"]
[PlyCount "54"]

1. e4 c5 2. Nf3 Nc6 3. d4 cxd4 4. Nxd4 Qb6 5. Nb3 Nf6 6. Nc3 e6 7. Be3 Qc7 8.
Nb5 Qb8 9. Bd3 a6 10. Nc3 Bb4 11. O-O Bxc3 12. bxc3 Qc7 13. Rb1 Ne5 14. f4 Nc4
15. Bd4 e5 16. fxe5 Nxe5 17. Nd2 d6 18. h3 b5 19. a4 bxa4 20. Qe2 O-O 21. Ra1
Nfd7 22. Rxa4 Nc5 23. Ra3 a5 24. Rfa1 Be6 25. Nf1 f6 26. Ne3 Rfe8 27. Nd5 Bxd5
0-1

[Event "Open 13 2011/2012"]
[Site "Vitrolles"]
[Date "2011.10.08"]
[Round "1"]
[White "Estevez, Ange"]
[Black "Giraud, Sylvain"]
[Result "0-1"]
[WhiteElo "1622"]
[BlackElo "1770"]
[PlyCount "94"]

1. e4 Nf6 2. e5 Nd5 3. d4 d6 4. c4 Nb6 5. f4 dxe5 6. fxe5 Nc6 7. Be3 Bf5 8. Nc3
e6 9. Nf3 Be7 10. Be2 O-O 11. O-O f6 12. c5 Nd5 13. Nxd5 Qxd5 14. Qd2 fxe5 15.
dxe5 Bxc5 16. Kh1 Qxd2 17. Bxd2 Nd4 18. Nxd4 Bxd4 19. Bc3 Bxc3 20. bxc3 Rad8
21. Rad1 Be4 22. Rxf8+ Rxf8 23. Kg1 Bc6 24. Bc4 Re8 25. Kf2 Kf7 26. Kg3 Ke7 27.
Rd4 Rf8 28. Rf4 Rxf4 29. Kxf4 Bxg2 30. h4 c6 31. Bd3 h6 32. c4 c5 33. a4 Bc6
34. a5 Kd8 35. Bg6 Be8 36. Be4 Kc7 37. Ke3 Bd7 38. Kd2 Bc8 39. Kc3 b6 40. axb6+
Kxb6 41. Bg6 Bd7 42. Be4 a5 43. Bc2 a4 44. Kb2 g5 45. hxg5 hxg5 46. Be4 Bc6 47.
Bd5 exd5 0-1

[Event "Open 13 2011/2012"]
[Site "Vitrolles"]
[Date "2011.10.08"]
[Round "1"]
[White "Nari, Alain"]
[Black "Savalle, Mathilde"]
[Result "1-0"]
[WhiteElo "1770"]
[BlackElo "1603"]
[PlyCount "135"]

1. e4 c5 2. Nc3 Nc6 3. Bb5 e6 4. Bxc6 bxc6 5. d3 Ne7 6. f4 d5 7. Nf3 Ng6 8. O-O
Be7 9. g3 O-O 10. b3 Rb8 11. Na4 Ba6 12. c4 Re8 13. Kg2 Nf8 14. Ne5 Qc7 15. Ba3
Rbd8 16. Qe1 f6 17. Nf3 Nd7 18. Qf2 d4 19. Rad1 Qa5 20. Qe1 Qxe1 21. Rfxe1 e5
22. fxe5 fxe5 23. Rf1 Rf8 24. Rf2 Rf7 25. Rdf1 Rdf8 26. Nh4 g6 27. Rxf7 Rxf7
28. Rxf7 Kxf7 29. Nf3 Ke6 30. h4 h6 31. Nh2 Kd6 32. Ng4 h5 33. Nh2 Bd8 34. Nf3
Ba5 35. Bc1 Bc8 36. Bh6 Bb4 37. Nb2 Nf6 38. Bg7 Ng4 39. Nd1 Ba3 40. Nf2 Ne3+
41. Kg1 Nc2 42. Nxe5 Ke6 43. Nxc6 a6 44. Bh8 Kd6 45. Ne5 Nb4 46. Nxg6 Be6 47.
Nf4 Bf7 48. Bg7 Nxa2 49. Ne2 Nb4 50. Kf1 Nc2 51. Bh6 Na1 52. Nxd4 Ke7 53. Nf5+
Ke6 54. Ke1 Nxb3 55. Kd1 a5 56. Nh3 Kd7 57. Nf4 Bc1 58. Kc2 a4 59. Nd5 Bxd5 60.
cxd5 Bxh6 61. Nxh6 Nd4+ 62. Kb2 Ne2 63. g4 Nf4 64. Kc3 a3 65. gxh5 Nxd3 66. Kb3
a2 67. Kxa2 Nf4 68. Kb3 1-0

[Event "Open 13 2011/2012"]
[Site "Vitrolles"]
[Date "2011.10.08"]
[Round "1"]
[White "Danielian, Kevin"]
[Black "Del Vecchio, Alain"]
[Result "1/2-1/2"]
[WhiteElo "1555"]
[BlackElo "1769"]
[PlyCount "141"]

1. d4 f5 2. c4 g6 3. Nc3 Bg7 4. g3 d6 5. Nf3 Nf6 6. Bg2 O-O 7. O-O Qe8 8. Re1
c6 9. Qb3 Kh8 10. e3 Na6 11. Bd2 e5 12. dxe5 dxe5 13. e4 Nc5 14. Qc2 Ncxe4 15.
Nxe4 Nxe4 16. Bc1 a5 17. Nd2 Nc5 18. Nb3 Ne6 19. Be3 Qf7 20. Bb6 a4 21. Nc5
Nxc5 22. Bxc5 Re8 23. Rad1 Be6 24. b3 axb3 25. axb3 Ra6 26. Bb4 b5 27. Ra1 Rxa1
28. Rxa1 e4 29. Ra6 Qb7 30. cxb5 cxb5 31. Ra5 Qd5 32. Qd2 Qxb3 33. Rxb5 Rc8 34.
Rb6 Qb1+ 35. Bf1 Bc4 36. Qe1 Qc2 37. Bxc4 Qxc4 38. Bd6 Qd4 39. Rb8 Rxb8 40.
Bxb8 Bf8 41. Bf4 h6 42. Qd2 Qg7 43. Be3 Kh7 44. Qd4 Qe7 45. Qa7 Qxa7 46. Bxa7
Kg7 47. Bd4+ Kf7 48. Be3 Ke6 49. h4 Kd5 50. Kg2 Kc4 51. Kg1 Kd3 52. Kf1 Bg7 53.
Bc1 h5 54. Be3 Bc3 55. Bc5 Bd2 56. Bb6 e3 57. fxe3 Bxe3 58. Bc7 Ke4 59. Kg2 f4
60. gxf4 Bxf4 61. Bd8 Be5 62. Bg5 Kf5 63. Kh3 Bf4 64. Bd8 Be5 65. Bg5 Bf6 66.
Bd2 Be7 67. Bc1 Bd6 68. Bg5 Bf4 69. Bd8 Bd2 70. Be7 Be1 71. Bd8 1/2-1/2

[Event "Open 13 2011/2012"]
[Site "Vitrolles"]
[Date "2011.10.08"]
[Round "1"]
[White "Urcun, Gael"]
[Black "Flores, Antonio"]
[Result "1-0"]
[WhiteElo "1709"]
[BlackElo "1720"]
[PlyCount "101"]

1. e4 d6 2. d4 Nf6 3. Nc3 g6 4. h3 Bg7 5. Be3 O-O 6. Qd2 Re8 7. O-O-O c6 8. f4
e5 9. dxe5 Nh5 10. Qf2 Bf8 11. exd6 Nd7 12. g4 Ng7 13. Nf3 b5 14. e5 Qa5 15.
Kb1 b4 16. Ne4 Bb7 17. Nc5 Nxc5 18. Bxc5 Red8 19. Bc4 Ba6 20. Bb3 Ne6 21. Be3
c5 22. Bxe6 fxe6 23. Bxc5 Bc4 24. b3 Bd5 25. Bd4 Rd7 26. h4 Rc8 27. Rh3 Be4 28.
Rc1 Rc6 29. Ka1 Ra6 30. c4 bxc3 31. Bxc3 Qd8 32. Nd2 Bd5 33. g5 Rb7 34. Kb2 Qb8
35. Qe2 Rab6 36. Bd4 Rb4 37. Qd3 a5 38. Rc3 a4 39. Bc5 Rxf4 40. h5 Rf5 41. hxg6
Bg7 42. gxh7+ Kh8 43. Bd4 Rxg5 44. Qc2 Rxb3+ 45. axb3 Bb7 46. d7 Bf8 47. Rc8
Bxc8 48. dxc8=Q Qb4 49. Nc4 Rf5 50. Qxf5 exf5 51. e6# 1-0

[Event "Open 13 2011/2012"]
[Site "Vitrolles"]
[Date "2011.10.08"]
[Round "1"]
[White "Charvein, Gabriel"]
[Black "Bertrand, Alexandre"]
[Result "1-0"]
[WhiteElo "1717"]
[BlackElo "1645"]
[PlyCount "87"]

1. Nf3 Nf6 2. d4 g6 3. c4 d5 4. Nc3 Bg7 5. Bg5 e6 6. e3 O-O 7. Be2 b6 8. cxd5
exd5 9. h3 Bb7 10. O-O Nbd7 11. Ne5 Qc8 12. Nxd7 Qxd7 13. Rc1 Rfe8 14. Bf4 c6
15. Nb5 Re7 16. Nd6 Re6 17. Nxb7 Qxb7 18. Qc2 Ne4 19. b4 b5 20. a4 a6 21. axb5
axb5 22. Ra1 Ree8 23. Rfc1 Rxa1 24. Rxa1 Ra8 25. Rc1 Rc8 26. Bd3 f5 27. f3 Nf6
28. Be5 Qa7 29. Bxf6 Bxf6 30. Bxb5 Qe7 31. Qd2 Qe6 32. Qc3 Re8 33. Bxc6 Qxe3+
34. Qxe3 Rxe3 35. Bxd5+ Kg7 36. Rd1 Re8 37. Bc6 Rd8 38. d5 Kf7 39. b5 Be7 40.
Rc1 Bg5 41. Rc3 Bd2 42. Ra3 Bb4 43. Ra7+ Kf6 44. Rxh7 1-0

[Event "Open 13 2011/2012"]
[Site "Vitrolles"]
[Date "2011.11.05"]
[Round "2"]
[White "Girard, Jean-Pierre"]
[Black "Nari, Alain"]
[Result "1/2-1/2"]
[WhiteElo "1876"]
[BlackElo "1770"]
[PlyCount "96"]

1. e4 c5 2. Nf3 a6 3. d4 cxd4 4. Nxd4 Nf6 5. Nc3 e5 6. Nb3 Bb4 7. Bd3 Bxc3+ 8.
bxc3 O-O 9. c4 d6 10. Bg5 Be6 11. O-O Nbd7 12. Kh1 Qc7 13. Nd2 Ne8 14. Be7 Nb6
15. Bxf8 Kxf8 16. f4 exf4 17. Rxf4 d5 18. Rf1 dxc4 19. Be2 Rd8 20. Qe1 Nf6 21.
Rb1 Kg8 22. Bf3 Qd7 23. Rxb6 Qxd2 24. Qxd2 Rxd2 25. Rxb7 g6 26. Rc1 Rd4 27. Rb6
Nxe4 28. Bxe4 Rxe4 29. Rxa6 Re2 30. Rd6 Bf5 31. Rd4 Bxc2 32. Rxc4 Be4 33. Rg1
Bd5 34. Rc8+ Kg7 35. a4 f5 36. Rc5 Be4 37. Rcc1 h5 38. a5 Ra2 39. Rc5 g5 40. h3
Kf6 41. Kh2 h4 42. Rb5 f4 43. Rb4 Kf5 44. Rxe4 Kxe4 45. Re1+ Kf5 46. Kg1 Rxa5
47. Re8 Ra6 48. Kf2 Rf6 1/2-1/2

[Event "Open 13 2011/2012"]
[Site "Vitrolles"]
[Date "2011.11.05"]
[Round "2"]
[White "Giraud, Sylvain"]
[Black "Cescon, Moreno"]
[Result "0-1"]
[WhiteElo "1770"]
[BlackElo "1850"]
[PlyCount "112"]

1. e4 d6 2. Nc3 c5 3. Bc4 Nf6 4. h3 Nxe4 5. Nxe4 d5 6. Bb5+ Bd7 7. Bxd7+ Nxd7
8. Ng3 e5 9. d3 Bd6 10. Nf5 Qf6 11. Nxd6+ Qxd6 12. Bd2 O-O 13. Nf3 f5 14. O-O
Rf7 15. Ng5 Rf6 16. f4 e4 17. h4 h6 18. Nh3 Rg6 19. Kh2 Nf6 20. Nf2 Re8 21.
dxe4 fxe4 22. Qc1 d4 23. Re1 e3 24. Bxe3 Rxe3 25. Rxe3 Qxf4+ 26. Kg1 dxe3 27.
Nd3 Qg3 28. Qf1 Ng4 29. Qf4 Qxh4 30. Ne5 Qf2+ 31. Qxf2 exf2+ 32. Kf1 Nxe5 33.
Kxf2 Rd6 34. Ke2 b5 35. a4 b4 36. b3 Nc6 37. Rc1 Nd4+ 38. Kf2 Re6 39. c3 Nxb3
40. Rc2 Re4 41. Rb2 Nc1 42. Rb1 Nd3+ 43. Kf3 Rc4 44. cxb4 cxb4 45. Ke3 Ne5 46.
Rb3 a5 47. g3 Nd7 48. Rd3 Rc3 49. Rxc3 bxc3 50. Kd3 Nc5+ 51. Kxc3 Nxa4+ 52. Kc4
Nb2+ 53. Kb3 Nd3 54. Ka4 Kf7 55. Kxa5 Kf6 56. Kb5 Kf5 0-1

[Event "Open 13 2011/2012"]
[Site "Vitrolles"]
[Date "2011.11.05"]
[Round "2"]
[White "Navarro, Bertrand"]
[Black "Panagiotopoulos, Christos"]
[Result "1-0"]
[WhiteElo "1687"]
[BlackElo "1820"]
[PlyCount "57"]

1. e4 c5 2. c3 Nc6 3. d4 cxd4 4. cxd4 d5 5. e5 Bf5 6. Nc3 e6 7. g4 Bg6 8. Bd3
Bb4 9. Nge2 Qh4 10. h3 h5 11. Bxg6 fxg6 12. Nf4 Nge7 13. Nxe6 hxg4 14. Bg5 Qh5
15. Nxg7+ Kd7 16. Nxh5 Rxh5 17. Bxe7 Nxe7 18. a3 Bxc3+ 19. bxc3 gxh3 20. Rxh3
Rg5 21. Qa4+ Ke6 22. O-O-O Rg2 23. Rf3 Nf5 24. Qb4 b6 25. Rxf5 Kxf5 26. Qd6 Rc8
27. Qd7+ Ke4 28. Qxc8 Rxf2 29. Qg4+ 1-0

[Event "Open 13 2011/2012"]
[Site "Vitrolles"]
[Date "2011.11.05"]
[Round "2"]
[White "Montanelli, Tristan"]
[Black "Beraud, Robert"]
[Result "1-0"]
[WhiteElo "1704"]
[BlackElo "1810"]
[PlyCount "65"]

1. e4 e5 2. Nf3 Nc6 3. Bc4 Nf6 4. Ng5 d5 5. exd5 Na5 6. Bb5+ c6 7. dxc6 bxc6 8.
Qf3 Rb8 9. Bxc6+ Nxc6 10. Qxc6+ Nd7 11. d3 Be7 12. Ne4 Rb6 13. Qa4 a6 14. a3
O-O 15. Be3 Rxb2 16. Nbd2 Rb5 17. Nc4 f5 18. Ned6 Nc5 19. Bxc5 Rxc5 20. Qb3 Kh8
21. Nxc8 Qxc8 22. O-O Rb5 23. Qa4 Rd8 24. Rfe1 Bf6 25. Rab1 Qb7 26. Rbd1 h6 27.
Ne3 e4 28. c4 Rb2 29. dxe4 Rxd1 30. Nxd1 Rb1 31. Qe8+ Kh7 32. exf5 Qb3 33. Qg6+
1-0

[Event "Open 13 2011/2012"]
[Site "Vitrolles"]
[Date "2011.11.05"]
[Round "2"]
[White "Dudognon, Thibault"]
[Black "Charvein, Gabriel"]
[Result "1-0"]
[WhiteElo "1787"]
[BlackElo "1721"]
[PlyCount "59"]

1. e4 d5 2. Nc3 Nf6 3. exd5 Nxd5 4. d4 e6 5. Nf3 Nc6 6. Bd3 Be7 7. O-O Nf6 8.
Re1 O-O 9. Ne4 Nxd4 10. Nxd4 Qxd4 11. c3 Qd5 12. Qc2 g6 13. Bg5 Qd8 14. Bh6
Nxe4 15. Bxf8 Bxf8 16. Bxe4 Bg7 17. Rad1 Qe7 18. Qd3 c6 19. Qd8+ Bf8 20. Re2 f5
21. Bc2 Qxd8 22. Rxd8 Kf7 23. Bb3 Ke7 24. Red2 Bh6 25. Rd1 Bg7 26. Rg8 Bf8 27.
Rh8 h6 28. Rh7+ Kf6 29. Rd8 Be7 30. Re8 1-0

[Event "Open 13 2011/2012"]
[Site "Vitrolles"]
[Date "2011.11.05"]
[Round "2"]
[White "Saada, Claude"]
[Black "Urcun, Gael"]
[Result "1-0"]
[WhiteElo "1812"]
[BlackElo "1694"]
[PlyCount "71"]
[EventDate "2011.??.??"]

1. d4 Nf6 2. c4 g6 3. Nc3 Bg7 4. e4 d6 5. f3 O-O 6. Bd3 c5 7. d5 Bd7 8. Nge2
Na6 9. a3 Nc7 10. Be3 a6 11. a4 a5 12. Qd2 Na6 13. O-O Nb4 14. Bb1 Bc8 15. Bh6
Nd7 16. Bxg7 Kxg7 17. f4 Nb6 18. b3 f6 19. Ng3 Nd7 20. Qf2 Qb6 21. h4 Qd8 22.
Nb5 Na6 23. Qf3 Qe8 24. Ra2 g5 25. Nf5+ Kh8 26. hxg5 fxg5 27. Qc3+ Nf6 28. fxg5
Bxf5 29. exf5 Qh5 30. gxf6 Rxf6 31. Nxd6 Rg8 32. Ne4 Qh6 33. Nxf6 exf6 34. Re2
Nb8 35. Qe3 Rxg2+ 36. Kxg2 1-0

[Event "Open 13 2011/2012"]
[Site "Vitrolles"]
[Date "2011.11.05"]
[Round "2"]
[White "Derien, Robert"]
[Black "Israel, Daniel"]
[Result "1/2-1/2"]
[WhiteElo "1755"]
[BlackElo "1837"]
[PlyCount "110"]

1. e4 c5 2. Nf3 d6 3. Bc4 e6 4. c3 Nc6 5. d4 cxd4 6. cxd4 Nf6 7. Nc3 Be7 8. O-O
O-O 9. Bb3 a6 10. Bg5 b5 11. d5 Na5 12. dxe6 fxe6 13. Bc2 Bb7 14. Nd4 Qc8 15.
Qd3 g6 16. Qh3 e5 17. Ne6 Rf7 18. Rac1 Qd7 19. f4 exf4 20. Rxf4 Bc8 21. Nd5
Qxe6 22. Qxe6 Bxe6 23. Nxe7+ Rxe7 24. Rxf6 Ree8 25. Bh6 Bxa2 26. Rxd6 Bb3 27.
Bxb3+ Nxb3 28. Rc7 Rad8 29. Rg7+ Kh8 30. Rdd7 Rxd7 31. Rxd7 Nc5 32. Ra7 Nxe4
33. Rxa6 Rd8 34. Kf1 Kg8 35. Ra7 Nd6 36. Rg7+ Kh8 37. g4 Nc4 38. Rb7 Nxb2 39.
Rxb5 Nc4 40. Ke2 Kg8 41. Rb7 Ne5 42. Rg7+ Kh8 43. h3 Rd7 44. Rxd7 Nxd7 45. Ke3
Kg8 46. Kd4 Kf7 47. Kd5 Kf6 48. h4 Nb6+ 49. Kc5 Na4+ 50. Kb5 Nc3+ 51. Kc4 Ne4
52. Be3 Ke6 53. Kd4 Nf6 54. g5 Ng4 55. Ke4 Nxe3 1/2-1/2

[Event "Open 13 2011/2012"]
[Site "Vitrolles"]
[Date "2011.11.05"]
[Round "2"]
[White "Del Vecchio, Alain"]
[Black "Madranges, Jean"]
[Result "0-1"]
[WhiteElo "1762"]
[BlackElo "1811"]
[PlyCount "60"]

1. Nf3 e6 2. g3 d5 3. Bg2 Bd6 4. O-O c6 5. d3 Ne7 6. Nc3 O-O 7. e4 f6 8. Re1 e5
9. h3 d4 10. Ne2 c5 11. Nh2 Be6 12. f4 Nbc6 13. Nf3 Rc8 14. f5 Bf7 15. g4 c4
16. Ng3 cxd3 17. cxd3 Nb4 18. Re2 Nxa2 19. g5 Nxc1 20. Rxc1 fxg5 21. Nxg5 Nc6
22. h4 Be7 23. Nxf7 Rxf7 24. h5 Bg5 25. Ra1 Be3+ 26. Rxe3 dxe3 27. Bh3 Qh4 28.
Kg2 Nd4 29. Rc1 Rxc1 30. Qxc1 Qxg3+ 0-1

[Event "Open 13 2011/2012"]
[Site "Vitrolles"]
[Date "2011.11.05"]
[Round "2"]
[White "Jean, Nicolas"]
[Black "Danielian, Kevin"]
[Result "1-0"]
[WhiteElo "1805"]
[BlackElo "1555"]
[PlyCount "71"]

1. e4 e6 2. d4 d5 3. e5 c5 4. c3 Nc6 5. Nf3 Qb6 6. a3 Bd7 7. b4 cxd4 8. cxd4
Nge7 9. Nc3 Nf5 10. Be3 Nxe3 11. fxe3 Be7 12. Na4 Qd8 13. Nc5 Bxc5 14. bxc5 O-O
15. Bd3 Kh8 16. O-O f6 17. exf6 gxf6 18. Nh4 f5 19. Nf3 Rg8 20. Bb5 Qf6 21.
Bxc6 Bxc6 22. Ne5 Rg7 23. Qh5 Rag8 24. Ra2 Be8 25. Qh3 Rg5 26. Rb1 Rh5 27. Qf3
Qh6 28. Qf4 Qg7 29. Rab2 Rg5 30. g3 h5 31. Rxb7 Qh6 32. Re7 Bg6 33. Nxg6+ R5xg6
34. Qe5+ R6g7 35. Rbb7 h4 36. Rxg7 1-0

[Event "Open 13 2011/2012"]
[Site "Vitrolles"]
[Date "2011.11.05"]
[Round "2"]
[White "Faure, Alexandre"]
[Black "Jullien, Patrick"]
[Result "1-0"]
[WhiteElo "1742"]
[BlackElo "1674"]
[PlyCount "51"]

1. e4 e5 2. Nf3 Nc6 3. d4 exd4 4. Nxd4 Nf6 5. Nxc6 bxc6 6. Bd3 Bd6 7. O-O O-O
8. Nd2 Bf4 9. Qf3 Bxd2 10. Bxd2 d5 11. Bg5 h6 12. Bh4 g5 13. e5 Ne4 14. Bg3 Nd2
15. Qh5 f5 16. Qg6+ Kh8 17. Qxh6+ Kg8 18. Qg6+ Kh8 19. Rfd1 Ne4 20. Bxe4 fxe4
21. e6 Qf6 22. Qxf6+ Rxf6 23. Be5 Kg7 24. f3 Bxe6 25. fxe4 dxe4 26. Rf1 1-0

[Event "Open 13 2011/2012"]
[Site "Vitrolles"]
[Date "2011.11.05"]
[Round "2"]
[White "Parroco, Pierre-Jean"]
[Black "Mosse, Laurent"]
[Result "0-1"]
[WhiteElo "1693"]
[BlackElo "1796"]
[PlyCount "60"]

1. e4 c6 2. d4 d5 3. Nc3 dxe4 4. Nxe4 Bf5 5. Ng3 Bg6 6. h4 h6 7. h5 Bh7 8. Nf3
Nd7 9. Bd3 Bxd3 10. Qxd3 Qc7 11. Bd2 e6 12. O-O-O Bd6 13. Ne4 O-O-O 14. Nxd6+
Qxd6 15. Qb3 Ngf6 16. Bb4 Qf4+ 17. Bd2 Qf5 18. Rh4 Ne4 19. Be3 Ndf6 20. Bf4
Nxf2 21. Qa4 a6 22. Ne5 N6g4 23. Rxg4 Nxg4 24. Nd3 Nf2 25. Nxf2 Qxf4+ 26. Rd2
e5 27. c3 exd4 28. cxd4 Rhe8 29. Kc2 Qf5+ 30. Nd3 Re4 0-1

[Event "Open 13 2011/2012"]
[Site "Vitrolles"]
[Date "2011.11.05"]
[Round "2"]
[White "Bertrand, Alexandre"]
[Black "Figier, Anthony"]
[Result "1-0"]
[WhiteElo "1645"]
[BlackElo "1782"]
[PlyCount "37"]

1. d4 d5 2. c4 c6 3. Nf3 Nf6 4. Bg5 Ne4 5. Bh4 Qa5+ 6. Nc3 Nxc3 7. Qd2 e6 8.
bxc3 dxc4 9. e4 b5 10. Be2 Qa3 11. O-O Bb7 12. Rab1 Be7 13. Bg3 Qa4 14. Bd1 Qa5
15. Ne5 Qa6 16. Nxc4 bxc4 17. Qb2 O-O 18. Qxb7 Qxa2 19. Bf3 1-0

[Event "Open 13 2011/2012"]
[Site "Vitrolles"]
[Date "2011.11.04"]
[Round "2"]
[White "Savalle, Mathilde"]
[Black "Joubert, Leo"]
[Result "1-0"]
[WhiteElo "1617"]
[BlackElo "1744"]
[PlyCount "69"]

1. e4 e6 2. d4 d5 3. Nd2 Nf6 4. e5 Nfd7 5. Bd3 c5 6. c3 Nc6 7. Ne2 cxd4 8. cxd4
Qb6 9. Nf3 Be7 10. O-O O-O 11. Bb1 f5 12. Nf4 Ndb8 13. Nh3 h6 14. Nf4 Kh7 15.
h4 Qd8 16. h5 Na6 17. Kh1 Nc7 18. Rg1 Bg5 19. Ng6 Rg8 20. g4 Bxc1 21. Qxc1 Bd7
22. Qf4 Ne7 23. Nfh4 Nxg6 24. hxg6+ Kh8 25. gxf5 exf5 26. Nxf5 Bxf5 27. Bxf5
Rf8 28. Qg4 Qe7 29. Rac1 Rae8 30. Rg2 Nb5 31. Bd7 Rf4 32. Qxf4 Qxd7 33. Qf7
Qxf7 34. gxf7 Rf8 35. e6 1-0

[Event "Open 13 2011/2012"]
[Site "Vitrolles"]
[Date "2011.11.05"]
[Round "2"]
[White "Vialette, Eric"]
[Black "Estevez, Ange"]
[Result "1/2-1/2"]
[WhiteElo "1710"]
[BlackElo "1634"]
[PlyCount "26"]

1. e4 e5 2. Nc3 Nc6 3. a3 a5 4. Bc4 Bc5 5. Qg4 g6 6. Qg3 Nf6 7. d3 h6 8. Nd5
Bf8 9. Bd2 d6 10. Ne2 Bg7 11. h3 Be6 12. Nec3 Nd4 13. Kd1 c6 1/2-1/2